000 01686nam a2200241Ia 4500
008 260220t1961||||xx |||||||||||||| ||spa||
040 _aPY-SlUNAC
_bspa
_erda
041 _aspa
082 _a920
_bM355d
100 _aMarshall, Bruce
_eAutor
245 0 _aDías juveniles /
_cpor Bruce Marshall [Autor]
264 _aBarcelona :
_bCaralt,
_c℗1961.
300 _a1 volumen
520 _a"Días juveniles" de Bruce Marshall es una novela que explora las complejidades de la adolescencia a través de las vivencias de un grupo de jóvenes en Barcelona. A lo largo de la narrativa, el autor retrata las inquietudes, sueños y desafíos que enfrentan los protagonistas en un entorno social en transformación, marcado por la búsqueda de identidad y la lucha por la autonomía. La historia aborda temas universales como el amor, la amistad y la rebeldía, ofreciendo un profundo análisis de las relaciones interpersonales y el impacto del contexto histórico en la vida de los jóvenes. Marshall utiliza un estilo vívido y evocador, combinando la prosa poética con diálogos realistas que capturan la esencia de la juventud. A medida que los personajes navegan por sus experiencias, el autor invita al lector a reflexionar sobre la importancia de la comprensión y la empatía en el proceso de crecimiento personal. En definitiva, "Días juveniles" es un retrato conmovedor y significativo de la transición a la vida adulta.
653 _aEducación
653 _aJuventud
653 _aLiteratura juvenil
942 _b2026/02/17
_cBK
999 _c9449
_d9449